000 01044nam a2200289 a 4500
001 BRCA_8660
005 20190320210347.0
008 291116s1918----gw-a######---#000-0#ger-#
041 _ager
044 _agw
050 4 _aNE1235
_b.F92
_c1918
100 1 _aFriedländer, Mar J.
_921604
245 1 0 _aDie holzschnitte der lübecker bibel von 1494 zu den 5 Büchern Mose
_cMar J. Friedländer.
260 _aBerlín
_bG. Grotesche Berlagsbuchhandlung
_c1918
300 _a38 p.
_bil.
_c34 cm
500 _aFondo antiguo
500 _aSe encuentra en Caja Fuerte
500 _aR-42/B
500 _aCon Ex-libris de: Lilln Von Hornatzhi
500 _aContiene 50 grabados con ilustraciones de la biblia
500 _aNota de encuadernación: rústica, deteriorada del lomo y esquinas
506 0 _aFondo reservado: para su consulta es necesario credencial de usuario y carta de motivos.
650 1 4 _aGrabado en madera
_eAlemán
_97409
650 1 4 _aBiblia
_eAntiguo testamento
_vIlustraciones
_921605
902 _aLAR
942 _2lcc
_cB
999 _c8319
_d8319